A tale of two cities

Main Author: Dickens, Charles, 1812-1870
Language:English
Published: England: Pearson Education, 1999.
Series:Penguin Readers. Level 5
Subjects:
LEADER 00740cam a2200217 7i4500
001 0000129514
005 20170702090000.0
008 170608s1999 enk eng
020 # 0 |a 0582419409  
020 # 0 |a 9780582419407  
090 0 0 |a PR 4571   |b .D5 1999 
100 1 # |a Dickens, Charles,   |d 1812-1870  
245 1 2 |a A tale of two cities   |c by Charles Dickens, A. Johnson, G. C. Thornley. 
260 # # |a England:   |b Pearson Education,   |c 1999. 
300 # # |a vii, 135 p.;   |c 20 cm.. 
490 0 0 |a Penguin Readers. Level 5 
590 # # |a Perpustakaan Sultanah Nur Zahirah 
650 0 0 |a Executions and executioners  
650 0 0 |a Fathers and daughters  
650 0 0 |a French --   |z England --   |z London  
999 |a 1100099807  |b Book  |c Open Shelf  |e KOLEKSI TERBUKA